000 00723nam a2200253Ia 4500
003 OSt
005 20220928104125.0
006 a|||||r|||| 00| 0
007 ta
008 220927b |||||||| |||| 00| 0 eng d
024 _a3871
037 _cTextual
040 _aSDCL
_cSDCL
_beng
041 _2eng
_aeng
082 _aSigma:f, P7
100 _aAdams John
_9409011
245 0 _aResearch methods for graduate business and social science students.
260 _aLos
_bAngeles Response
_c2007
300 _a264p.
_ccm.
650 _aSocial Science Research
_9409012
700 _a Khan Hafitta
_9409013
942 _hSigma:f, P7
_cTEXL
_2CC
999 _c724553
_d724553